Kovidānandaḥ. (Record no. 88298)

MARC details
000 -LEADER
fixed length control field 00719cam a22002531 4500
001 - CONTROL NUMBER
control field sa 68018278
003 - CONTROL NUMBER IDENTIFIER
control field DLC
005 - DATE AND TIME OF LATEST TRANSACTION
control field 20260227112710.0
008 - FIXED-LENGTH DATA ELEMENTS--GENERAL INFORMATION
fixed length control field 900220s1963 ii 000 0 sano
010 ## - LIBRARY OF CONGRESS CONTROL NUMBER
LC control number sa 68018278
035 ## - SYSTEM CONTROL NUMBER
System control number (OCoLC)21095973
040 ## - CATALOGING SOURCE
Original cataloging agency DLC
Transcribing agency WaU
Modifying agency DLC
050 00 - LIBRARY OF CONGRESS CALL NUMBER
Classification number PK840
Item number .A8 1963
100 0# - MAIN ENTRY--PERSONAL NAME
Personal name Āśādharabhaṭṭa,
Dates associated with a name active 1650-1700.
245 10 - TITLE STATEMENT
Title Kovidānandaḥ.
260 ## - PUBLICATION, DISTRIBUTION, ETC.
Date of publication, distribution, etc. [1963]
300 ## - PHYSICAL DESCRIPTION
Extent 6, 31, 6 p.
Dimensions 24 cm.
490 1# - SERIES STATEMENT
Series statement Laghugrantharatnaprabhāvaliḥ ;
Volume/sequential designation 16
500 ## - GENERAL NOTE
General note In Sanskrit.
650 #0 - SUBJECT ADDED ENTRY--TOPICAL TERM
Topical term or geographic name entry element Sanskrit language
General subdivision Rhetoric.
700 1# - ADDED ENTRY--PERSONAL NAME
Personal name Śukla, Kālikāprasāda,
Dates associated with a name 1921-
730 0# - ADDED ENTRY--UNIFORM TITLE
Uniform title Sārasvatī suṣamā.
830 #0 - SERIES ADDED ENTRY--UNIFORM TITLE
Uniform title Laghugrantharatnaprabhāvali ;
Volume/sequential designation 16.

No items available.

Powered by Koha